header

IBM workplace collaboration services (Record no. 211161)

MARC details
000 -LEADER
fixed length control field 01421nam a2200409Ia 4500
100 1# - MAIN ENTRY--AUTHOR NAME
Personal name Monson, Philip.
245 10 - TITLE STATEMENT
Title IBM workplace collaboration services
260 ## - PUBLICATION, DISTRIBUTION, ETC. (IMPRINT)
Place of publication San Jose, CA :
Name of publisher IBM,
Year of publication c2005.
300 ## - PHYSICAL DESCRIPTION
Number of Pages xviii, 695 p. :
Other physical details ill.
490 1# - SERIES STATEMENT
Series statement Redbooks
500 ## - GENERAL NOTE
General note Includes index.
General note "October 2005."
650 #0 - SUBJECT ADDED ENTRY--TOPICAL TERM
Topical Term Information technology.
Topical Term Integrated software.
700 1# - ADDED ENTRY--PERSONAL NAME
Personal name Savov, Tatjana.
Personal name Dussourd, Edward.
Personal name Rousseaux, Michael.
Personal name Koch, Barbara.
Personal name Mueller, Heiko.
Personal name Slone, Jeffrey.
Personal name Riffe, Annette.
856 40 - ELECTRONIC LOCATION AND ACCESS
Uniform Resource Identifier http://site.ebrary.com/lib/rucke/Doc?id=10112689

No items available.

© 2026 Rongo University
Contact us: librarian | system librarian | Rongo university